00413nam a2200145Ia 4500003000400000020001900004082001500023100002000038245002600058250001200084260005500096300001000151650001500161653009100176SGT a97880333778210 a338.5bKOU aKoutsoyiannis,A aModern microeconomics a2nd Ed. bMacmillan Publishers India LimtedaNew Delhic2008 a581p. aECONOMICS  aTHEORY OF DEMAND, THEORY OF PRODUCTION,THEORY OF COSTS, PERFECT COMPETITION, MONOPOLY